000 00465nam a2200181Ia 4500
003 LK-CoDNM
008 010623t1979 xxu||||| |||| 00| 1 eng d
040 _aLK-CoDNM
_dLK-CoDNM
_eLK-CoDNM
041 _aeng
080 _ax 820(3-053.2) SRI
100 _aSirimanne, A.M.G.
245 _aThe clever pittu and other stories
260 _bM.D.Gunasena
_aColombo
_c1979
300 _b32, 22 cm
650 _aStories
700 _aSomapala, Wijetunga
942 _cBK
999 _c110873
_d110873